Statistics for Daily U.S. State Riddle #17

Click here to take the quiz!

General Stats

  • This quiz has been taken 71 times
  • The average score is 30 of 35

Answer Stats

TypeAnswer% Correct
Found LetterA
100%
Found LetterN
100%
Found LetterR
100%
Found LetterI
98%
Alphabet LetterM
98%
Alphabet LetterO
98%
Alphabet LetterS
98%
Alphabet LetterL
97%
Alphabet LetterC
95%
Alphabet LetterD
95%
Alphabet LetterE
95%
Found LetterG
94%
Alphabet LetterK
94%
Alphabet LetterH
92%
Alphabet LetterT
92%
Alphabet LetterY
92%
Alphabet LetterU
89%
Alphabet LetterW
89%
Alphabet LetterF
87%
Alphabet LetterB
85%
Correctly Placed LetterI
82%
Correctly Placed LetterR
82%
Alphabet LetterP
81%
Correctly Placed LetterA
79%
Alphabet LetterZ
79%
Correctly Placed LetterI
77%
Found LetterV
77%
Alphabet LetterX
77%
Alphabet LetterJ
74%
Correctly Placed LetterG
71%
Correctly Placed LetterI
71%
Correctly Placed LetterN
71%
Alphabet LetterQ
71%
Correctly Placed LetterV
71%
Mystery U.S. StateVirginia
71%

Score Distribution

Percentile by Number Answered

Percent of People with Each Score

Your Score History

You have not taken this quiz